Statistics for Most Populated City in Each County in Vermont

Click here to take the quiz!

General Stats

  • This quiz has been taken 11 times
  • The average score is 7 of 14

Answer Stats

CountyCity Pop.City% Correct
Chittenden44,781Burlington
100%
Bennington15,764Bennington
91%
Rutland15,851Rutland
91%
Windham12,046Brattleboro
73%
Washington8,457Barre
64%
Caledonia5,815St. Johnsbury
64%
Franklin6,940St. Albans
55%
Addison8,496Middlebury
36%
Windsor9,952Hartford
27%
Orange2,044Randolph
27%
Grand Isle606Alburgh
18%
Essex2,263Lunenburg
18%
Lamoille5,438Morristown
18%
Orleans4,604Derby
9%

Score Distribution

Percentile by Number Answered

Percent of People with Each Score

Your Score History

You have not taken this quiz